الاتحاد الأوروبي والعملة الأوروبية الموحدة "اليورو" : (Record no. 14238)
[ view plain ]
| 000 -LEADER | |
|---|---|
| fixed length control field | 01150nam a22002177a 4500 |
| 008 - FIXED-LENGTH DATA ELEMENTS--GENERAL INFORMATION | |
| fixed length control field | 100628t xxu||||| |||| 00| 0 eng d |
| 020 ## - INTERNATIONAL STANDARD BOOK NUMBER | |
| International Standard Book Number | 9770186821 |
| 082 ## - DEWEY DECIMAL CLASSIFICATION NUMBER | |
| Edition number | 22 |
| Classification number | 338.0956 |
| Item number | س ي س |
| 100 ## - MAIN ENTRY--PERSONAL NAME | |
| 9 (RLIN) | 15296 |
| Personal name | السيسى،صلاح الدين حسن |
| 245 ## - TITLE STATEMENT | |
| Title | الاتحاد الأوروبي والعملة الأوروبية الموحدة "اليورو" : |
| Remainder of title | السوق العربية المشتركة : الواقع و الطموح / |
| Statement of responsibility, etc | صلاح الدين حسن السيسى |
| 250 ## - EDITION STATEMENT | |
| Edition statement | طبعة خاصة |
| 260 ## - PUBLICATION, DISTRIBUTION, ETC. (IMPRINT) | |
| Place of publication, distribution, etc | القاهرة: |
| Name of publisher, distributor, etc | عالم الكتب، |
| Date of publication, distribution, etc | 2003. |
| 300 ## - PHYSICAL DESCRIPTION | |
| Extent | 131ص ؛ |
| Dimensions | 24سم. |
| 490 ## - Series Statement | |
| -- | 15297 |
| Series statement | سلسلة قضايا إقتصادية |
| 610 ## - SUBJECT ADDED ENTRY--CORPORATE NAME | |
| 9 (RLIN) | 17294 |
| Corporate name or jurisdiction name as entry element | الإتحاد الأوربى |
| 650 ## - SUBJECT ADDED ENTRY--TOPICAL TERM | |
| 9 (RLIN) | 15261 |
| Topical term or geographic name as entry element | السوق العربية المشتركة |
| 651 ## - SUBJECT ADDED ENTRY--GEOGRAPHIC NAME | |
| 9 (RLIN) | 15300 |
| Geographic name | أوروبا |
| General subdivision | التكامل الإقتصادى |
| 651 ## - SUBJECT ADDED ENTRY--GEOGRAPHIC NAME | |
| 9 (RLIN) | 15246 |
| Geographic name | العالم العربي |
| General subdivision | الأحوال الاقتصادية |
| 942 ## - ADDED ENTRY ELEMENTS (KOHA) | |
| Source of classification or shelving scheme | Dewey Decimal Classification |
| Item type | Book - Borrowing |
| Withdrawn status | Item status | Source of classification or shelving scheme | Damaged status | Not for loan | Vendor | Home library | Current library | Shelving location | Date acquired | Source of acquisition | Total Checkouts | Full call number | Barcode | Date last seen | Koha item type |
|---|---|---|---|---|---|---|---|---|---|---|---|---|---|---|---|
| Dewey Decimal Classification | Central Library | Central Library | First floor | 28/06/2010 | Donation | 338.0956 س ي س | 000021676 | 15/07/2025 | Book - Borrowing |